[Event "Dortmund Sparkassen op-B 47th"]
[Site "Dortmund"]
[Date "2019.07.16"]
[Round "4"]
[White "Rathke, Dieter"]
[Black "Steinebach, Lukas"]
[Result "1-0"]
[WhiteElo "1545"]
[BlackElo "1528"]
[PlyCount "119"]
[EventDate "2019.07.13"]
[EventType "swiss"]
[EventRounds "9"]
[EventCountry "GER"]
[SourceTitle "CBM 192 Extra"]
[Source "Chessbase"]
[SourceDate "2019.11.06"]
[SourceVersion "1"]
[SourceVersionDate "2019.11.06"]
[SourceQuality "1"]

1. Nf3 g6 2. d4 Nf6 3. Nc3 d5 4. Bg5 Ne4 5. Bh4 Bg7 6. e3 Nxc3 7. bxc3 0-0 8. Rb1 c5 9. Be2 Nc6 10. 0-0 cxd4 11. cxd4 b6 12. c3 Bb7 13. a4 Rc8 14. Qc1 Na5 15. Qa3 Bf6 16. Bxf6 exf6 17. Nd2 Rc7 18. Rfc1 Qc8 19. Rb2 Rd8 20. Rbc2 Ba6 21. Bb5 Bxb5 22. axb5 Rdd7 23. Qa2 Nc4 24. Nb1 f5 25. Re2 Re7 26. Rce1 Qe8 27. Qb3 Re4 28. Nd2 Nxd2 29. Rxd2 f4 30. Rde2 Rc4 31. Qb2 fxe3 32. Rxe3 f5 33. g3 h5 34. Qb3 Kg7 35. Rxe4 fxe4 36. Re3 Qd7 37. f3 exf3 38. Rxf3 Qe8 39. Qa2 Qe7 40. Kg2 Kh7 41. Qf2 Rc7 42. Re3 Qd7 43. Qe2 Qf7 44. g4 hxg4 45. Qxg4 Qd7 46. Rh3+ Kg7 47. Qg5 Qd6 48. Qh6+ Kf7 49. Qg5 Kg7 50. Rf3 Rf7 51. Rh3 Rc7 52. Qh6+ Kf7 53. Qh8 Ke7 54. Rh7+ Ke6 55. Qg8+ Kf6 56. Rh6 Kf5 57. Rh3 Re7 58. Rf3+ Ke4 59. Qh8 g5 60. Qh3 1-0